00432nam a2200157Ia 4500008004100000020001500041082001900056100001800075245006000093250000700153260004200160300002300202500001900225600001500244650001500259240925s9999 xx 000 0 und d a8180521036 a658.300954 KUM aKumar, Harish 0aManaging the human resources: a research based approach aNA aNew Delhi:bPearson Educationc,2006. a807p.b0fOriginal aIncludes Index aManagement aManagement